Statistics for US States by Land Area

Click here to take the quiz!

General Stats

  • This quiz has been taken 19,537 times
  • The average score is 29 of 50

Answer Stats

State % Correct
570,641Alaska
99%
261,232Texas
99%
155,779California
97%
145,546Montana
90%
97,093Wyoming
83%
82,170Utah
83%
113,594Arizona
82%
95,988Oregon
82%
81,759Kansas
82%
121,298New Mexico
80%
103,642Colorado
78%
82,643Idaho
75%
109,781Nevada
74%
57,513Georgia
69%
75,811South Dakota
67%
53,625Florida
66%
1,034Rhode Island
63%
69,001North Dakota
62%
76,824Nebraska
61%
66,456Washington
60%
79,627Minnesota
60%
1,949Delaware
59%
68,595Oklahoma
57%
55,519Illinois
57%
9,217Vermont
56%
4,842Connecticut
54%
55,857Iowa
53%
50,645Alabama
53%
39,490Virginia
53%
40,861Ohio
52%
39,486Kentucky
51%
52,035Arkansas
50%
54,158Wisconsin
49%
6,423Hawaii
49%
44,743Pennsylvania
49%
68,742Missouri
46%
41,235Tennessee
45%
43,204Louisiana
45%
56,539Michigan
45%
35,826Indiana
45%
8,953New Hampshire
44%
24,038West Virginia
41%
47,126New York
38%
30,061South Carolina
37%
48,618North Carolina
37%
7,800Massachusetts
36%
7,354New Jersey
36%
30,843Maine
35%
9,707Maryland
30%
46,923Mississippi
26%

Score Distribution

Percentile by Number Answered

Percent of People with Each Score

Your Score History

You have not taken this quiz